| 000 | 00502nmm a2200157Ia 4500 | ||
|---|---|---|---|
| 008 | 251105s9999||||xx |||||||||||||||||und|| | ||
| 020 | _a9781558853997 | ||
| 041 | _aeng | ||
| 100 | _aGaspar de Alba, Alicia | ||
| 245 | 0 | _aLa Llorona on the Longfellow Bridge : poetry y otras movidas 1985-2001 | |
| 264 |
_a[Washington, Estados Unidos] : _bArte Público Press, _c2003 |
||
| 300 | _a128 páginas | ||
| 650 | _aEnglish poetry | ||
| 856 | _uhttps://public.digitaliapublishing.com/a/23205 | ||
| 942 | _cCF | ||
| 999 |
_c74758 _d74758 |
||